000
00240 a2200085 4500
020
_a
9789383419562
100
_a
Tiku, Neerja.
245
_a
Theory of settlements: History and evolution of selected cities
260
_b
Copal Publishing Group
_c
2018
999
_c
13355
_d
13355